| 000 | 00686nam a2200205 a 4500 | ||
|---|---|---|---|
| 001 | 3939 | ||
| 005 | 20140414131928.0 | ||
| 008 | 040715s19uu xx 00 eng d | ||
| 020 | _a0-375-81394-2 | ||
| 050 |
_aER _bSp6 2001 |
||
| 100 | _aSuben, Eric | ||
| 245 |
_aSpooky sleep-out / _cby Eric Suben ; illustrated by Joe Ewers. |
||
| 260 |
_aNew York : _bRandom House, _c2001. |
||
| 300 | _a1 v. p. : ill. ; cm. | ||
| 440 | _aA Random House pictureback | ||
| 520 | _aElmo, Zoe, Big Bird and Grover are camping out in the backyard, but strange noises and shadows make them too frightened to sleep. | ||
| 650 |
_aCamping _xFiction. |
||
| 650 |
_aPuppets _xFiction. |
||
| 999 |
_c112136 _d112136 |
||